000 00690nam a2200241 i 4500
001 78093
003 ES-MaACL
005 20250813062715.0
007 t|
008 041011s1984 sp ||||0| spa d
040 _aM-BN
_bspa
_cM-BN
100 1 _aHandke, Peter.
_961717
245 1 0 _aCarta breve para un largo adiós /
_cPeter Handke ; [traducción de Miguel Sèz].
250 _a[3ª ed.].
260 _aMadrid :
_bAlianza,
_c[1984]
300 _a139 p. ;
_c20 cm.
490 1 _aAlianza tres ;
_v22
700 1 _aSáenz, Miguel,
_d1932-
_9101299
830 0 0 _aAlianza tres
_v22
_9177344
852 _aES-MaACL
_jL-7150
_bR.107808
999 _c78093
_d78093